000 00329nam a22001337a 4500
008 181226b xxu||||| |||| 00| 0 eng d
020 _a9780205125227
041 _aeng
080 _a159.9
100 _a48
101 _aPSY
245 _aClinical Intepretation Objective Psychological Tests
_cGolden.CH.j
942 _2udc
_cBK
999 _c53799
_d53799